000 004690000a22001690004500
020 _a0-8297-1250-X
041 0 _aSPA
082 0 4 _aG 248.4 P4841t
100 1 _aPetersen, William J.
245 1 0 _aTimoteo, el hombre fiel / William J. Petersen ; Wilfredo Calderón, Traductor
260 _aMiami, FL., USA : Vida
300 _a218 Pag
500 _aTítulo original : The discipling of Timothy
650 1 4 _aTIMOTEO \ PABLO (APOSTOL)
001 5540
942 _cBK
999 _c35926
_d35926